|
|
|
|
| LEADER |
01496pam a22003858a 4500 |
| 001 |
00033157 |
| 005 |
20171026081025.0 |
| 008 |
150423s2014 ||||||Viesd |
| 020 |
# |
# |
|c 74000
|a 9786045711859
|
| 041 |
0 |
# |
|a Vie
|
| 082 |
1 |
# |
|a 355.009 597
|b L302S
|
| 245 |
1 |
0 |
|a Lịch sử tư tưởng quân sự Việt Nam
|c Lê Văn Thái (ch.b.), Nguyễn Văn Khánh, Nguyễn Hàm Giá, Trần Anh Tuấn
|n Tập 3
|p Từ năm 1858 đến năm 1945
|
| 260 |
# |
# |
|a Hà Nội
|b Chính trị quốc gia
|c 2014
|
| 300 |
# |
# |
|a 471 tr.
|c 21 cm.
|
| 500 |
# |
# |
|a ĐTTS ghi: Bộ Quốc phòng. Viện Lịch sử quân sự Việt Nam
|
| 504 |
# |
# |
|a Thư mục: tr. 442-468
|
| 653 |
# |
# |
|a Lịch sử tư tưởng
|
| 653 |
# |
# |
|a Việt Nam
|
| 653 |
# |
# |
|a Quân sự
|
| 700 |
1 |
# |
|a Lê, Văn Thái
|e chủ biên
|
| 700 |
1 |
# |
|a Nguyễn, Hàm Giá
|e tác giả
|
| 700 |
1 |
# |
|a Nguyễn, Văn Khánh
|e tác giả
|
| 700 |
1 |
# |
|a Trần, Anh Tuấn
|e tác giả
|
| 710 |
2 |
# |
|a Bộ Quốc phòng. Viện Lịch sử quân sự Việt Nam
|
| 852 |
# |
# |
|b Kho mượn
|j KM.0018126, KM.0018127, KM.0019749
|
| 852 |
# |
# |
|j KD.0016587
|j KM.0018126
|j KM.0018127
|j KM.0019749
|
| 852 |
# |
# |
|b Kho đọc
|j KD.0016587
|
| 910 |
0 |
# |
|a kchi
|d 23/4/2015
|
| 980 |
# |
# |
|a Trung tâm Học liệu Lê Vũ Hùng, Trường Đại học Đồng Tháp
|